| 000 | 00478nam a2200193Ia 4500 | ||
|---|---|---|---|
| 008 | 210210b1938 xxu||||| |||| 00| 0 eng d | ||
| 041 | _aeng | ||
| 082 | _a382/6 | ||
| 100 | _aBINNIE (Andrew) | ||
| 245 | _aTechnique and principles of auditing | ||
| 260 |
_aLondon _bSir Isaac Pitman & Sons Ltd., _c1938 |
||
| 300 | _axvi,351 | ||
| 650 | _aTechnique | ||
| 650 | _aprinciples | ||
| 650 | _aauditing | ||
| 690 | _aAuditing | ||
| 700 | _aMANNING (Brian) | ||
| 906 | _a005176 | ||
| 999 |
_c125003 _d125003 |
||